| 000 | 00391nam a22001697a 4500 | ||
|---|---|---|---|
| 005 | 20160630115059.0 | ||
| 008 | 160630b xxu||||| |||| 00| 0 eng d | ||
| 020 | _a978-81-318-0804-7 | ||
| 041 | _aeng | ||
| 082 | _b19635 | ||
| 100 |
_aRajput, R K _93270 |
||
| 245 | _aThermal Engineering | ||
| 260 |
_bLaocine _c2014 |
||
| 300 | _a950 | ||
| 650 |
_aDiploma Engineering _9817 |
||
| 942 | _cBK | ||
| 999 |
_c4905 _d4903 |
||